000 00883nam a2200241 u 4500
005 20250815063852.0
008 160512s2012 r 000 0 eng d
020 _a9789501261622
035 _aUPN01000210288
049 _aCG
050 4 _aBF723 C5
_bD4.7
245 0 0 _aDesarrollo cognitivo y educación [I] :
_blos inicios del conocimiento /
_ccomp. José A. Castorina ; tr. Gabriela Ubaldini.
260 _aBuenos Aires :
_bPaidós,
_c2012.
300 _a313 p. :
_bil.
440 0 _aPaidós cuestiones de educación ;
_v1
534 _pTraducción de:
_tLa síntesis psicológica en la mira : metodología para el estudio del desarrollo
650 2 _aCognición en niños
_94094
650 4 _aRAZONAMIENTO INFANTIL
_923242
650 4 _aCONOCIMIENTO Y APRENDIZAJE
_912091
700 1 _aCastorina, José Antonio,
_d1940-
_ecomp.
_931803
905 _aLibro
999 _c182389
_d182389